[Event "CZE-chT U18 Extraliga West 1819"]
[Site "Czech Republic"]
[Date "2018.10.07"]
[Round "4.5"]
[White "Sivak, Lukas"]
[Black "Kozbert, Tomas"]
[Result "0-1"]
[WhiteElo "1748"]
[BlackElo "1788"]
[PlyCount "46"]
[EventDate "2018.10.05"]
[EventType "team-tourn"]
[EventRounds "11"]
[EventCountry "CZE"]
[SourceTitle "EXT 2023"]
[Source "ChessBase"]
[SourceDate "2022.10.05"]
[SourceVersion "1"]
[SourceVersionDate "2022.10.05"]
[SourceQuality "1"]
[WhiteTeam "Liberec Desko (U18)"]
[BlackTeam "Praha Bohemians (U18)"]
[WhiteTeamCountry "CZE"]
[BlackTeamCountry "CZE"]

1. d4 d5 2. c4 e6 3. Nc3 Nf6 4. e3 Be7 5. Nf3 0-0 6. Qc2 Nbd7 7. e4 dxe4 8. Nxe4 c5 9. Be3 Nxe4 10. Qxe4 Nf6 11. Qc2 cxd4 12. Bxd4 Bb4+ 13. Bc3 Qa5 14. Bxb4 Qxb4+ 15. Qd2 Qb6 16. Bd3 e5 17. Bc2 e4 18. Nd4 Rd8 19. 0-0-0 Bg4 20. c5 Qxc5 21. Nb3 Rxd2 22. Nxc5 Rxd1+ 23. Bxd1 Rc8 0-1

[Event "Czech Fed-ch U14"]
[Site "Hrdonov"]
[Date "2013.11.02"]
[Round "9"]
[White "Kozbert, Tomas"]
[Black "Vitova, Anna"]
[Result "1/2-1/2"]
[WhiteElo "1604"]
[BlackElo "1550"]
[PlyCount "34"]
[EventDate "2013.10.26"]
[EventType "swiss"]
[EventRounds "9"]
[EventCountry "CZE"]
[SourceTitle "EXT 2016"]
[Source "ChessBase"]
[SourceDate "2015.10.08"]
[SourceVersion "1"]
[SourceVersionDate "2015.10.08"]
[SourceQuality "1"]

1. d4 Nf6 2. c4 e6 3. Nc3 b6 4. e4 Bb7 5. Bd3 Be7 6. Nge2 0-0 7. 0-0 d5 8. e5 Nfd7 9. cxd5 exd5 10. Nf4 c5 11. Qh5 g6 12. Nxg6 fxg6 13. Bxg6 hxg6 14. Qxg6+ Kh8 15. Qh6+ Kg8 16. Qg6+ Kh8 17. Qh6+ Kg8 1/2-1/2

[Event "Czech Fed-ch U12"]
[Site "Hrdonov"]
[Date "2012.10.24"]
[Round "6"]
[White "Kozbert, Tomas"]
[Black "Bulo, Paulo Emanuel"]
[Result "1-0"]
[WhiteElo "1386"]
[BlackElo "2197"]
[PlyCount "85"]
[EventDate "2012.10.20"]
[EventType "swiss"]
[EventRounds "9"]
[EventCountry "CZE"]
[SourceTitle "CBM 151 Extra"]
[Source "ChessBase"]
[SourceDate "2012.12.18"]
[SourceVersion "1"]
[SourceVersionDate "2012.12.18"]
[SourceQuality "1"]

1. e4 e5 2. Nf3 Nc6 3. Bb5 d6 4. 0-0 Bg4 5. h3 Bh5 6. d3 a6 7. Bxc6+ bxc6 8. Be3 Nf6 9. Nbd2 Be7 10. c3 0-0 11. Qc2 Qd7 12. b4 Rfe8 13. a4 Bf8 14. Rfb1 Rab8 15. Rb2 d5 16. Rab1 Bg6 17. Nh4 Bd6 18. Nxg6 hxg6 19. Nb3 Qe7 20. Nd2 c5 21. bxc5 Rxb2 22. Qxb2 Bxc5 23. Bxc5 Qxc5 24. Qb4 Qxb4 25. Rxb4 dxe4 26. Nxe4 Nxe4 27. Rxe4 Re6 28. Rc4 Rd6 29. Rxc7 Rxd3 30. Rc6 a5 31. Rc5 f6 32. Kf1 Kf7 33. Ke2 e4 34. f3 exf3+ 35. gxf3 Rd7 36. Rxa5 Rc7 37. Kd3 Ke7 38. c4 Rd7+ 39. Rd5 Ra7 40. a5 Ra6 41. Kc3 Ra8 42. h4 Ra6 43. Kb4 1-0

[Event "CZE-ch U10"]
[Site "Kouty nad Desnou"]
[Date "2011.03.16"]
[Round "6"]
[White "Kozbert, Tomas"]
[Black "Chwistek, Karel"]
[Result "0-1"]
[WhiteElo "1326"]
[BlackElo "1496"]
[PlyCount "120"]
[EventDate "2011.03.12"]
[EventType "swiss"]
[EventRounds "9"]
[EventCountry "CZE"]
[SourceTitle "EXT 2014"]
[Source "ChessBase"]
[SourceDate "2013.11.20"]
[SourceVersion "1"]
[SourceVersionDate "2013.11.20"]
[SourceQuality "1"]

1. d4 Nf6 2. c4 g6 3. Nc3 Bg7 4. e4 d6 5. Nf3 0-0 6. Be2 c5 7. e5 dxe5 8. dxe5 Qxd1+ 9. Bxd1 Nfd7 10. Nd5 Nc6 11. Nc7 Rb8 12. e6 Nde5 13. exf7+ Rxf7 14. Nxe5 Bxe5 15. Nd5 Bf5 16. Ne3 Be6 17. 0-0 Nd4 18. Rb1 a6 19. b3 b5 20. cxb5 axb5 21. Nc2 Bf5 22. Re1 Bg7 23. Bf4 Bxc2 24. Bxc2 Rxf4 25. Bd3 Kf7 26. Rbc1 Ne6 27. g3 Rd4 28. Bf1 Rd2 29. Bh3 Bd4 30. Rf1 Rxa2 31. Rce1 Rb6 32. Rb1 c4 33. bxc4 bxc4 34. Rbc1 c3 35. Bg4 Ng5 36. h4 Ne4 37. Bd1 Nxg3 38. Bf3 e6 39. Rfd1 Bxf2+ 40. Kg2 Be1+ 41. Kh3 Bd2 42. Rxd2 cxd2 43. Rc7+ Kf6 44. Kxg3 h5 45. Rd7 Rb3 46. Rd8 Ke7 47. Rd4 Ra1 48. Rxd2 Raa3 49. Rf2 Rxf3+ 50. Rxf3 Rxf3+ 51. Kxf3 Kf6 52. Kf4 e5+ 53. Ke4 Ke6 54. Ke3 Kf5 55. Kf3 e4+ 56. Ke3 Kg4 57. Kxe4 Kxh4 58. Kf4 g5+ 59. Kf3 Kh3 60. Kf2 Kh2 0-1

[Event "CZE-ch U10"]
[Site "Kouty nad Desnou"]
[Date "2011.03.14"]
[Round "3"]
[White "Miesbauer, Jan"]
[Black "Kozbert, Tomas"]
[Result "1-0"]
[WhiteElo "1000"]
[BlackElo "1326"]
[PlyCount "69"]
[EventDate "2011.03.12"]
[EventType "swiss"]
[EventRounds "9"]
[EventCountry "CZE"]
[SourceTitle "EXT 2014"]
[Source "ChessBase"]
[SourceDate "2013.11.20"]
[SourceVersion "1"]
[SourceVersionDate "2013.11.20"]
[SourceQuality "1"]

1. e4 c5 2. Nc3 Nc6 3. f4 d6 4. Nf3 Bg4 5. Bb5 a6 6. Bxc6+ bxc6 7. 0-0 g6 8. h3 Bxf3 9. Qxf3 Bg7 10. d3 Nf6 11. Qg3 0-0 12. f5 Qb6 13. Kh1 Nd7 14. Qe1 Kh8 15. b3 Rg8 16. Bb2 Bf6 17. Qd2 Rg7 18. Na4 Qb7 19. Bxf6 Nxf6 20. Nc3 Rag8 21. Rf2 d5 22. e5 Nh5 23. f6 exf6 24. exf6 Nxf6 25. Rxf6 Rc8 26. Na4 Rgg8 27. Raf1 Rgf8 28. Nxc5 Qa7 29. Qc3 Kg8 30. Ne6 fxe6 31. Rxf8+ Rxf8 32. Rxf8+ Kxf8 33. Qh8+ Ke7 34. Qxh7+ Kf6 35. Qxa7 1-0